AH International Schools' Libraries

Haikyu!! : 4 / (Record no. 49359)

MARC details
000 -LEADER
fixed length control field 01060nam a2200157 4500
020 ## - INTERNATIONAL STANDARD BOOK NUMBER
International Standard Book Number 9781421587691
100 ## - MAIN ENTRY--PERSONAL NAME
Personal name Haruichi, Furudate,
Relator term author.
9 (RLIN) 86561
245 ## - TITLE STATEMENT
Title Haikyu!! : 4 /
Remainder of title Shonen Jump Manga Edition.
Statement of responsibility, etc Story and Art by Haruichi Furudate.
260 ## - PUBLICATION, DISTRIBUTION, ETC. (IMPRINT)
Place of publication, distribution, etc San Francisco :
Name of publisher, distributor, etc VIZ Media ;
Date of publication, distribution, etc 2025.
300 ## - PHYSICAL DESCRIPTION
Extent 216 pages.
Dimensions 7.5 x 0.6 x 5 inches.
490 ## - SERIES STATEMENT
Series statement Haikyu :
Volume number/sequential designation 4
500 ## - GENERAL NOTE
General note Shoyo Hinata is out to prove that in volleyball you don't need to be tall to fly!<br/><br/>The training camp kicks off with a bang! Hinata and his teammates train their hearts out in preparation for the practice game against Nekoma, but they’ll need to polish their receiving skills if they want to win. After all their hard work, the moment they’ve all been waiting for finally arrives—the revival of the long-standing rivalry between the Cats and the Crows! And Nekoma’s starting setter looks vaguely familiar…
650 ## - SUBJECT ADDED ENTRY--TOPICAL TERM
9 (RLIN) 79779
Topical term or geographic name as entry element JUVENILE FICTION / Sports & Recreation / Basketball.
650 ## - SUBJECT ADDED ENTRY--TOPICAL TERM
9 (RLIN) 53497
Topical term or geographic name as entry element Friendship
Form subdivision Comic books, strips, etc.
942 ## - ADDED ENTRY ELEMENTS (KOHA)
Source of classification or shelving scheme
Koha item type Book
Holdings
Withdrawn status Lost status Source of classification or shelving scheme Damaged status Not for loan Home library Current library Date acquired Total Checkouts Full call number Barcode Date last seen Date checked out Price effective from Koha item type
          Logos International School Logos International School 08/19/2025 8 GRAPHIX HAR JAP 042870 03/09/2026 03/06/2026 08/19/2025 Book

For any Logos Library related questions please contact Miss Art at swongnarasuk@asianhope.org.

For any Asian Hope Library related questions please contact Miss Raza at graza@asianhope.org.

Powered by Koha